| 000 | 00794nam a2200217Ia 4500 | ||
|---|---|---|---|
| 003 | GCL | ||
| 008 | 140319s9999 xx 000 0 ara d | ||
| 020 | _a7035383977 | ||
| 040 |
_aGCL / _cGCL |
||
| 082 | 0 | 4 |
_a615.852 _bب ق |
| 100 | 1 | _aمحمد نجيب الصبوة | |
| 245 | 1 | 0 |
_aقواعد التشخيص والعلاج النفسى : _bنظريات نفسية متعددة لصياغة الحالة / _cمحمد نجيب الصبوة |
| 700 | 1 | _aبيرل س . بيرمان | |
| 250 | _aالاولى | ||
| 260 |
_aالقاهرة : _bايتراك للنشر والتوزيع ، _c2004 |
||
| 300 |
_a447 ص ؛ _c25 سم |
||
| 650 | 0 | 4 | _aالتحليل النفسى |
| 650 | 0 | 4 | _aالعلاج النفسى |
| 650 | 0 | 4 | _aالعلاج السلوكى (علم نفس) |
| 942 |
_2ddc _cBK |
||
| 999 |
_c56673 _d56673 |
||